000 00263cam a22000977a 4500
008 180718b1971 xxu||||| |||| 00| 0 eng d
082 _aL251x42 Un3
245 _aReform of corporation tax
260 _aLondon
_bHer Majesty's Stationery Office
_c1971
300 _a15+p.
999 _c500282
_d500282